• 首页
  • 本馆介绍
  • 公告通知
  • 最新文献
  • 馆藏检索
  • 电子资源
  • 读者导购
  • 参考咨询
  • 我的图书馆
  • 登录
  • 详细信息显示
  • 放入我的书架
  • 预约/预借图书
  • 作者相关作品
  • 分类相关作品
  • 丛书相关作品
  • 出版社相关作品

书目信息

  • 表格格式
  • 工作单格式
  • 卡片格式
书名: Going to Miami
作者: by David Rieff.
分册号:
分册名:
出版地: New York, N.Y., U.S.A. :
 
出版社: Penguin Books
出版时间: 1988, c1987.
页数: 230 p. ;
开本: 20 cm.
丛书名:
中图分类号:
科图分类号:
其他分类号: K712.9
主题词:
电子资源:
000 00869cam a2200265 a 450
001 E0737359031
005 20070714102942.01
008 880202t19881987nyu 000 0 eng
010    @a88002550
020    @a0140110917 (pbk.) :@cCNY60.00.
035    @A(DLC) 88002550
040    @aDLC@cDLC@dDLC
043    @an-us-fl
050 00 @aF319.M6@bR54 1988
082 00 @a975.9/381063@2 19
090    @aK712.9
099    @dK712.9@ex83
100 1  @aRieff, David.
245 10 @aGoing to Miami :@bexiles, tourists, and refugees in the New America / @cby David Rieff.
260    @aNew York, N.Y., U.S.A. :@bPenguin Books,@c1988, c1987.
300    @a230 p. ;@c20 cm.
650  0 @aPopular culture@zFlorida@zMiami.
651  0 @aMiami (Fla.)@xDescription and travel.
906    @a7@bcbc@corignew@d1@eocip@f19@gy-gencatlg
991    @bc-GenColl@hF319.M6@iR54 1988@tCopy 1@wBOOKS
    
    Going to Miami : : exiles, tourists, and refugees in the New America / / by David Rieff.-New York, N.Y., U.S.A. : : Penguin Books, , 1988, c1987.
    230 p. ; ; 20 cm.
    
    
    ISBN 0140110917 (pbk.) :CNY60.00.
    
●
相关链接 在E读中查询图书 在五车中查询图书 在当当中查询图书 在豆瓣中查询图书


正题名:Going to Miami     索取号:K712.9/x83         预约/预借

序号 登录号 条形码 馆藏地/架位号 状态 备注
1 0013290   300132906   第二样本阅览室/ [索取号:K712.9/x83] 在馆    
唐山师范学院图书馆 欢迎您!
大连网信软件有限公司© 版权所有